Seminario de Parques Arqueológicos (Record no. 11836)

MARC details
000 -LEADER
campo de control de longitud fija 00998nam a22002655i 4500
001 - NÚMERO DE CONTROL
campo de control 11836
003 - IDENTIFICADOR DE NÚMERO DE CONTROL
campo de control ES-MaACL
005 - FECHA Y HORA DE LA ÚLTIMA TRANSACCIÓN
campo de control 20251220172215.0
007 - CAMPO FIJO DE DESCRIPCIÓN FÍSICA--INFORMACIÓN GENERAL
campo de control de longitud fija t|
008 - DATOS DE LONGITUD FIJA--INFORMACIÓN GENERAL
campo de control de longitud fija 940318s1993 sp ||||0| spa j
020 ## - NÚMERO INTERNACIONAL ESTÁNDAR DEL LIBRO
Número Internacional Estándar del Libro 84-7483-970-X
040 ## - FUENTE DE CATALOGACIÓN
Centro catalogador/agencia de origen M-BN
Lengua de catalogación spa
Centro/agencia transcriptor M-BN
080 ## - NÚMERO DE LA CLASIFICACIÓN DECIMAL UNIVERSAL
Número de la Clasificación Decimal Universal 903/904(460):061.3(460.27 M.)"1989"
080 ## - NÚMERO DE LA CLASIFICACIÓN DECIMAL UNIVERSAL
Número de la Clasificación Decimal Universal 061.3(460.27 M.)"1989":903/904(460)
111 0# - ENTRADA PRINCIPAL--NOMBRE DE CONGRESO/REUNIÓN
Nombre de congreso/reunión o jurisdicción como elemento de entrada Seminario de Parques Arqueológicos
Fecha del congreso o de la firma del tratado (1989.
Sede del congreso/Lugar de la reunión Madrid)
9 (RLIN) 1046
245 10 - MENCIÓN DEL TÍTULO
Título Seminario de Parques Arqueológicos
Resto del título : días 13, 14 y 15 de diciembre, Madrid, 1989.
250 ## - MENCION DE EDICION
Mención de edición 1ª ed.
260 ## - PUBLICACIÓN, DISTRIBUCIÓN, ETC.
Lugar de publicación, distribución, etc. Madrid :
Nombre del editor, distribuidor, etc. Instituto de Conservación y Restauración de Bienes Culturales,
Fecha de publicación, distribución, etc. 1993.
300 ## - DESCRIPCIÓN FÍSICA
Extensión 249 p :
Otras características físicas il. col. y n., map., plan ;
Dimensiones 26 cm.
504 ## - NOTA DE BIBLIOGRAFÍA, ETC.
Nota de bibliografía, etc. Bibliografía.
650 14 - PUNTO DE ACCESO ADICIONAL DE MATERIA--TÉRMINO DE MATERIA
Término de materia o nombre geográfico como elemento de entrada Parques arqueológicos-
Subdivisión de forma Congresos y asambleas.
9 (RLIN) 15846
710 2# - ENTRADA AGREGADA--NOMBRE DE ENTIDAD CORPORATIVA
Nombre de entidad corporativa o nombre de jurisdicción como elemento de entrada Instituto de Conservación y Restauración de Bienes Culturales (España)
9 (RLIN) 4845
852 ## - LOCALIZACIÓN
Ubicación ES-MaACL
Número de control de estantería L-19123
Sublocalización o colección R.122603
Holdings
Estatus retirado Estado de pérdida Estado de daño No para préstamo Biblioteca de origen Biblioteca actual Ubicación en estantería Fecha de adquisición Fuente de adquisición Total de préstamos Signatura topográfica completa Código de barras Visto por última vez Precio de reemplazo Tipo de ítem Koha
        Biblioteca del Ateneo de Madrid Biblioteca del Ateneo de Madrid Depósito 2 17/01/2008     L-19123 1012063 23/02/2023 23/02/2023 Libro impreso